000 01029nam a2200241Ia 4500
003 Ost
005 20260507075359.0
008 260507s9999||||xx |||||||||||||| ||und||
020 _a26303299579
040 _cfsecg
041 _aara
082 _a330
100 _aالحريري، محمد سرور
_eمؤلف
245 0 _aإدارة الأعمال الدولية والعالمية /
_c محمد سرور الحريري
260 _aعمان:
_bدار الحامد للنشر والتوزيع,
_c2012
300 _a212 صفحة؛
_bإيضاحات ؛
_c25 سم
504 _aالمراجع ص.207
520 _aمدخل عام لإدارة الأعمال الدولية والعالمية المعاصرة والحديثة ، المدارس الإدارية ، الوظائف الإدارية الحديثة في منظمات الأعمال الدولية
653 _aإدارة الأعمال
653 _aالمنظمات الدولية
653 _aمنظمة العمل الدولية
942 _cكتاب
999 _c44264
_d44264